000 00307nam a22001337a 4500
008 170830b xxu||||| |||| 00| 0 eng d
020 _a2128/u
041 _aeng
080 _210TH
_a070
100 _a40
101 _aMED
245 _aTHE INTERPERSONAL COMMUNICATION BOOK
_cDEVITO,J,.A
942 _2udc
_cBK
999 _c25576
_d25576